000
00243nam a2200085Ia 4500
245
0
_a
William Shakespeare's The tempest
100
_a
Conner, Daniel Edina, MN, [c.2009]
_9
79301
942
_c
BK
008
210817s9999 xx 000 0 und d
999
_c
276290
_d
276289